| 000 | 00625nam a2200181Ia 4500 | ||
|---|---|---|---|
| 003 | GCL | ||
| 008 | 140319s9999 xx 000 0 ara d | ||
| 040 |
_aGCL / _cGCL |
||
| 082 | 0 | 4 |
_a005.3 _bل ب |
| 100 | 1 | _aلاموت، اندرى | |
| 245 | 1 | 0 |
_aبرمجة الالعاب فى ويندوز / _cلاموت، اندرى |
| 260 |
_aالقاهرة : _bدار الفاروق للنشر والتوزيع ، _c2004 |
||
| 300 |
_a491 ص ؛ _c24 سم |
||
| 650 | 0 | 4 | _aويندوز |
| 650 | 0 | 4 | _aالحاسبات الالكترونية - برامج |
| 650 | 0 | 4 | _aالبرمجة (حاسبات الكترونية) |
| 942 |
_2ddc _cBK |
||
| 999 |
_c7210 _d7210 |
||